000 01184cam a22002891 4500
001 familyaffair00eddy
003 CaSfIA
005 20210118082512.0
007 cr||||
008 711203s1958 nyu 000 1 eng
010 _a 57010856
040 _aDLC
_cYNG
_dDLC
_dBTCTA
_dOCLCG
_dCUI
_dCaSfIA
035 _a(OCoLC)178686
050 0 0 _aPZ3.E2113
_bFam
050 1 4 _aPS3509.D396
_bF3 1958
082 4 _a813.54
100 1 _aEddy, Roger
_q(Roger W.)
245 1 2 _aA family affair.
_h[electronic resource]
260 _aNew York,
_bCrowell
_c[c1958]
300 _a314 p.
_c22 cm.
856 4 1 _uhttp://www.archive.org/details/familyaffair00eddy
_zFree eBook from the Internet Archive
856 4 2 _uhttp://www.openlibrary.org/books/OL6224844M
_zAdditional information and access via Open Library
029 1 _aAU@
_b000001533556
942 _cEB
506 _fНеобхідна авторизація на https://archive.org/ (створення облікового запису безкоштовно)
506 _fНеобхідна авторизація на https://openlibrary.org/ (створення облікового запису безкоштовно)
999 _c495176
_d495176